| 000 | 01454nam0a2200373 4500 | ||
|---|---|---|---|
| 001 | RU\NLR\bibl\924369 | ||
| 005 | 20250614191039.0 | ||
| 010 | _a5-9567-0141-2 | ||
| 010 |
_a5-9567-0142-0 _94000 |
||
| 021 |
_aRU _b2006-3239 _9145 |
||
| 035 | _a(nilc)RSL-KNO-002835737 | ||
| 035 | _a(NLR Aleph) 000912634 | ||
| 090 |
_a49381 _c49381 |
||
| 100 | _a20060228d2005 |||y0rusy50 ca | ||
| 101 | 0 | _arus | |
| 102 | _aRU | ||
| 105 | _aa ||||||||| | ||
| 106 | _ar | ||
| 200 | 1 |
_aВаша кошка. Все о кошке _e[породы, содержание, питание _fавт.-сост. : Дазидова Д.] |
|
| 210 |
_aРостов-на-Дону _cВладис _d2005 _eСамара _gСамарский Дом печати |
||
| 215 |
_a575 с., [16] л. ил. _cил. _d21 |
||
| 300 | _aЗагл. обл.: Все о кошке | ||
| 517 | 1 | _aВсе о кошке | |
| 606 | 1 |
_aКошки _91297951 _3RU\NLR\auth\66219790 |
|
| 610 | 0 | _aСельское и лесное хозяйство. Сельскохозяйственные и лесохозяйственные науки -- Специальное животноводство -- Кошки домашние | |
| 686 |
_aП674,0 _2rubbk |
||
| 686 | _aП674 | ||
| 702 | 1 |
_aДазидова _bД. _4220 |
|
| 801 | 0 |
_aRU _bРКП _c20060228 _grcr |
|
| 801 | 1 |
_aRU _bРГБ _c20060228 |
|
| 801 | 2 |
_aRU _bNLR _c20060331 _grcr |
|
| 942 | _cBOOK | ||
| 980 | _aNB | ||